000 00287nam a22001337a 4500
008 170621b xxu||||| |||| 00| 0 eng d
020 _aTSscrs309975
041 _aeng
080 _a32
100 _a20
101 _aSHP
245 _aGRASS-CLEARING MAN
_cSILLITOE, P
942 _2udc
_cBK
999 _c18510
_d18510